| 000 | 00881cam a22003014a 4500 | ||
|---|---|---|---|
| 008 | |||
| 020 | _a0723431892 (pbk.) | ||
| 049 | _aMAIN | ||
| 090 |
_aQR181 _bROI |
||
| 245 | 0 | 0 |
_aImmunology / _c[edited by] Ivan Roitt, Jonathan Brostoff, David Male. |
| 250 | _a6th ed. | ||
| 260 |
_aEdinburgh : _bMosby, _c2001. |
||
| 300 |
_axii, 480 p. : _bill. (chiefly col.) ; _c28 cm. + _e1 CD-ROM (4 3/4 in.) |
||
| 504 | _aIncludes bibliographical references. | ||
| 500 | _aIncludes index. | ||
| 650 | 0 | _aImmunology. | |
| 650 | 0 | _aClinical immunology. | |
| 650 | 1 | 2 | _aImmune System. |
| 650 | 2 | 2 | _aImmunity. |
| 700 | 1 | _aRoitt, Ivan M. | |
| 700 | 1 | _aBrostoff, Jonathan. | |
| 700 | 1 | _aMale, David K. | |
| 907 |
_a.b10239972 _b16-05-13 _c23-04-07 |
||
| 003 | |||
| 005 | 20230120203946.0 | ||
| 040 | _cNUST | ||
| 942 |
_cBOOKS _kQR181 _mROI |
||
| 999 |
_c114591 _d114591 |
||